[Event "Stuttgart-chB int"]
[Site "Ditzingen"]
[Date "2016.05.08"]
[Round "7"]
[White "Kozina, Vinko"]
[Black "Winkler, Tim"]
[Result "0-1"]
[WhiteElo "1855"]
[BlackElo "1868"]
[PlyCount "96"]
[EventDate "2016.05.05"]
[EventType "swiss"]
[EventRounds "7"]
[EventCountry "GER"]
[SourceTitle "EXT 2018"]
[Source "ChessBase"]
[SourceDate "2017.10.13"]
[SourceVersion "1"]
[SourceVersionDate "2017.10.13"]
[SourceQuality "1"]

1. Nf3 d6 2. b3 Nf6 3. Bb2 c5 4. d3 Nc6 5. e4 e5 6. h3 g6 7. g4 Bd7 8. Nc3 a6 9. a4 Qa5 10. Bg2 Bg7 11. 0-0 h6 12. Nd2 g5 13. Nc4 Qc7 14. a5 Ne7 15. Nb6 Rd8 16. Re1 Ng6 17. Bc1 Be6 18. Be3 Qe7 19. Ne2 Nf4 20. Ng3 Nd7 21. Nf5 Bxf5 22. exf5 Nxg2 23. Kxg2 Nxb6 24. axb6 Rc8 25. Qd2 Rc6 26. b4 Rxb6 27. bxc5 dxc5 28. Ra4 0-0 29. h4 f6 30. f3 Rc8 31. Qf2 Rbc6 32. Re4 Qd7 33. Rc4 Bf8 34. hxg5 hxg5 35. Rh1 b5 36. Rc3 c4 37. d4 exd4 38. Bxd4 Bc5 39. Bxc5 Rxc5 40. Re3 Rd5 41. Re2 Re8 42. Rhe1 Rxe2 43. Rxe2 c3 44. Qe3 Re5 45. Qf2 Rxe2 46. Qxe2 Qd2 47. Kf1 Qxe2+ 48. Kxe2 b4 0-1

[Event "Stuttgart-chB int"]
[Site "Ditzingen"]
[Date "2014.05.30"]
[Round "4"]
[White "Narr, Matthias"]
[Black "Kozina, Vinko"]
[Result "0-1"]
[WhiteElo "1743"]
[BlackElo "1842"]
[PlyCount "62"]
[EventDate "2014.05.29"]
[EventType "swiss"]
[EventRounds "7"]
[EventCountry "GER"]
[SourceTitle "EXT 2015"]
[Source "ChessBase"]
[SourceDate "2014.11.20"]
[SourceVersion "1"]
[SourceVersionDate "2014.11.20"]
[SourceQuality "1"]

1. e4 e5 2. f4 exf4 3. Nf3 Be7 4. Bc4 Bh4+ 5. g3 fxg3 6. 0-0 d5 7. Bxd5 Nh6 8. d4 c6 9. Bxh6 cxd5 10. Ne5 0-0 11. Qh5 Bf6 12. Bf4 dxe4 13. c3 g6 14. Qe2 Bh3 15. Re1 Bxe5 16. Bxe5 f5 17. Qc4+ Rf7 18. hxg3 Nd7 19. Bf4 g5 20. Bc1 h6 21. Kh2 Bg4 22. Rf1 Qf6 23. Kg1 Kg7 24. Be3 Qd6 25. Kg2 Nb6 26. Qc5 Qd7 27. Kg1 Nd5 28. Bf2 e3 29. Bxe3 Rc8 30. Qxa7 Nxe3 31. Rf2 Qd6 0-1